Why become a chartered building surveyor? (Record no. 107382)
[ view plain ]
| 000 -LEADER | |
|---|---|
| fixed length control field | 00735cad a22001935a 4500 |
| 001 - CONTROL NUMBER | |
| control field | L139952 |
| 008 - FIXED-LENGTH DATA ELEMENTS--GENERAL INFORMATION | |
| fixed length control field | 070822s2006 xxk g 000 0 eng d |
| 035 ## - SYSTEM CONTROL NUMBER | |
| System control number | (Sirsi) u139952 |
| 041 0# - LANGUAGE CODE | |
| Language code of text/sound track or separate title | eng |
| 050 04 - LIBRARY OF CONGRESS CALL NUMBER | |
| Classification number | 690.2 $2 18 |
| 110 2# - MAIN ENTRY--CORPORATE NAME | |
| Corporate name or jurisdiction name as entry element | Royal Institution of Chartered Surveyors |
| Subordinate unit | Building Surveying Faculty |
| 9 (RLIN) | 4830 |
| 245 00 - TITLE STATEMENT | |
| Title | Why become a chartered building surveyor? |
| 260 ## - PUBLICATION, DISTRIBUTION, ETC. | |
| Place of publication, distribution, etc. | London |
| Name of publisher, distributor, etc. | RICS |
| Date of publication, distribution, etc. | 2006 |
| 500 ## - GENERAL NOTE | |
| General note | no physical copy available |
| 520 ## - SUMMARY, ETC. | |
| Summary, etc. | This short leaflet highlights the benefits of a career as a chartered building surveyor. Includes brief salary information for building surveyors in the UK. |
| 651 #4 - SUBJECT ADDED ENTRY--GEOGRAPHIC NAME | |
| Geographic name | International |
| 690 ## - LOCAL SUBJECT ADDED ENTRY--TOPICAL TERM (OCLC, RLIN) | |
| Topical term or geographic name as entry element | BUILT ENVIRONMENT-BUILDING SURVEYING-BUILDING SURVEYORS |
| 942 ## - ADDED ENTRY ELEMENTS (KOHA) | |
| Suppress in OPAC | 0 |
| Source of classification or shelving scheme | Dewey Decimal Classification |
| Withdrawn status | Lost status | Damaged status | Not for loan | Home library | Current library | Shelving location | Date acquired | Total Checkouts | Barcode | Date last seen | Copy number | Price effective from | Koha item type | Public note |
|---|---|---|---|---|---|---|---|---|---|---|---|---|---|---|
| Virtual | Virtual | Missing | 22/08/2007 | 139952-2001 | 06/08/2019 | 1 | 06/08/2019 | Book | No physical copies kept by RICS |